Alle Bücher von Sebastian Fitzek - Statistiken

Allgemein
  • Dieses Quiz wurde 246 mal gespielt
  • Das Durchschnittsergebnis liegt bei 11 aus 23
Antwortstatistiken
Jahr Buchtitel % Korrekt
2016 Das Paket
88%
2010 Der Augensammler
82%
2006 Die Therapie
72%
2020 Der Heimweg
71%
2014 Passagier 23
71%
2018 Der Insasse
68%
2021 Playlist
64%
2011 Der Augenjäger
61%
2019 Das Geschenk
59%
2008 Das Kind
55%
2017 Flugangst 7A
53%
2013 Noah
51%
2017 AchtNacht
45%
2008 Der Seelenbrecher
41%
2007 Amokspiel
40%
2009 Splitter
38%
2012 Abgeschnitten
37%
2013 Der Nachtwandler
35%
2015 Das Joshua-Profil
31%
2015 Die Blutschule
21%
2021 Der erste letzte Tag
12%
2019 Fische,die auf Bäume klettern
10%
2017 Pupsi und Stinki
7%
Keine übereinstimmenden Quizze gefunden
Verteilung der Resultate
Anzahl Personen mit jedem Resultat
Perzentil nach korrekt beantworteten Fragen
Ihre Resultats-Entwicklung
Sie haben dieses Quiz noch nicht gespielt